LIBRARY & INFORMATION CENTRE, KCAET, TAVANUR

ONLINE PUBLIC ACCESS CATALOGUE (OPAC)

Soil genesis classificationsurvey and evaluation, Vol. 2 / (Record no. 13172)

MARC details
000 -LEADER
fixed length control field 00460cam a2200169ua 4500
041 ## - LANGUAGE CODE
Language code of text/sound track or separate title eng
082 ## - DEWEY DECIMAL CLASSIFICATION NUMBER
Classification number 631.4012
Item number KOL/SO
100 ## - MAIN ENTRY--AUTHOR NAME
Personal name Kolay, A.K .
245 ## - TITLE STATEMENT
Title Soil genesis classificationsurvey and evaluation, Vol. 2 /
260 ## - PUBLICATION, DISTRIBUTION, ETC. (IMPRINT)
Place of publication Delhi :
Name of publisher Atlantic publishers and distributers ,
Year of publication 2007.
300 ## - PHYSICAL DESCRIPTION
Number of Pages 744 ; .
942 ## - ADDED ENTRY ELEMENTS (KOHA)
Koha item type Books
Holdings
Withdrawn status Lost status Damaged status Home library Current library Date acquired Full call number Accession Number Koha item type
      KAUAET KAUAET 07/04/2012 631.4012 21446 Books
free website counter